Rupee Values: BOTW & TOTK - Statistics

General Stats
  • This quiz has been taken 210 times
  • The average score is 6 of 6
Answer Stats
Picture Answer % Correct
1
100%
5
100%
50
98%
100
97%
20
97%
300
86%
No matching quizzes found
Score Distribution
Percent of People with Each Score
Percentile by Number Answered
Your Score History
You have not taken this quiz